<?xml version="1.0" encoding="UTF-8"?>
<record
    xmlns:xsi="http://www.w3.org/2001/XMLSchema-instance"
    xsi:schemaLocation="http://www.loc.gov/MARC21/slim http://www.loc.gov/standards/marcxml/schema/MARC21slim.xsd"
    xmlns="http://www.loc.gov/MARC21/slim">

  <leader>00227nam a2200085   4500</leader>
  <datafield tag="999" ind1=" " ind2=" ">
    <subfield code="c">234112</subfield>
    <subfield code="d">234112</subfield>
  </datafield>
  <controlfield tag="003">Nust</controlfield>
  <controlfield tag="005">20170313180348.0</controlfield>
  <controlfield tag="008">170313b        xxu||||| |||| 00| 0 eng d</controlfield>
  <datafield tag="040" ind1=" " ind2=" ">
    <subfield code="c">.</subfield>
  </datafield>
  <datafield tag="082" ind1=" " ind2=" ">
    <subfield code="a">297.7</subfield>
    <subfield code="b">BUK</subfield>
  </datafield>
  <datafield tag="245" ind1=" " ind2=" ">
    <subfield code="a">Islamic Education: BA., BSc, BCom, BBA, MBA, Engineering, MBBS, PCS, CSS</subfield>
  </datafield>
  <datafield tag="700" ind1=" " ind2=" ">
    <subfield code="a">A.S. Bukhari [...et al.]</subfield>
  </datafield>
  <datafield tag="942" ind1=" " ind2=" ">
    <subfield code="c">BK</subfield>
    <subfield code="2">ddc</subfield>
  </datafield>
  <datafield tag="952" ind1=" " ind2=" ">
    <subfield code="0">0</subfield>
    <subfield code="1">0</subfield>
    <subfield code="2">ddc</subfield>
    <subfield code="4">0</subfield>
    <subfield code="7">0</subfield>
    <subfield code="a">SMME</subfield>
    <subfield code="b">SMME</subfield>
    <subfield code="c">BKB</subfield>
    <subfield code="d">2017-03-13</subfield>
    <subfield code="o">297.7 BUK</subfield>
    <subfield code="p">SMME-BB374</subfield>
    <subfield code="r">2018-04-02</subfield>
    <subfield code="w">2017-03-13</subfield>
    <subfield code="y">BK</subfield>
  </datafield>
  <datafield tag="952" ind1=" " ind2=" ">
    <subfield code="0">0</subfield>
    <subfield code="1">0</subfield>
    <subfield code="2">ddc</subfield>
    <subfield code="4">0</subfield>
    <subfield code="7">0</subfield>
    <subfield code="a">SMME</subfield>
    <subfield code="b">SMME</subfield>
    <subfield code="c">BKB</subfield>
    <subfield code="d">2017-03-13</subfield>
    <subfield code="l">1</subfield>
    <subfield code="o">297.7 BUK</subfield>
    <subfield code="p">SMME-BB375</subfield>
    <subfield code="r">2025-01-31</subfield>
    <subfield code="s">2024-09-11</subfield>
    <subfield code="w">2017-03-13</subfield>
    <subfield code="y">BK</subfield>
  </datafield>
</record>
